| 000 | 02054nam a2200481Ii 4500 | ||
|---|---|---|---|
| 001 | DIGDYK0597 | ||
| 003 | NyNyDIG | ||
| 006 | m o d | ||
| 007 | cr ||||||||||| | ||
| 008 | 220901s2013 sp o 000 0 spa d | ||
| 035 | _a(OCoLC)889258978 | ||
| 040 |
_aDGITA _beng _erda _epn _cDGITA |
||
| 020 |
_a9788490315200 _qpdf |
||
| 020 | _z9788490313763 | ||
| 041 | 1 |
_aspa _hita |
|
| 050 | 1 | 4 | _aK5051 ebook |
| 100 | 1 |
_aFiandaca, Giovanni, _eauthor. |
|
| 240 | 1 | 0 |
_aDiritto penale tra legge e giudice. _lSpanish _s(Ventura Saavedra) |
| 245 | 1 | 3 |
_aEl derecho penal entre la ley y el juez : _bestudios de derecho penal / _cGiovanni Fiandaca ; presentación de Luis Miguel Reyna Alfaro ; traducción a cargo de Karen Ventura Saavedra. |
| 264 | 1 |
_aMadrid : _bDykinson, S.L., _c2013. |
|
| 300 | _a1 online resource. | ||
| 336 |
_atext _btxt _2rdacontent |
||
| 337 |
_acomputer _bc _2rdamedia |
||
| 338 |
_aonline resource _bcr _2rdacarrier |
||
| 347 |
_atext file _2rdaft |
||
| 347 | _bPDF | ||
| 490 | 1 |
_aCuadernos "Luis Jiménez de Asúa" ; _v39 |
|
| 588 | 0 | _aOnline resource; title from PDF title page (Digitalia, viewed September 1, 2022) | |
| 650 | 0 |
_aCriminal law _xInterpretation and construction. |
|
| 650 | 0 |
_aCriminal law _xPhilosophy. |
|
| 650 | 0 | _aJudicial discretion. | |
| 655 | 0 | _aElectronic books. | |
| 700 | 1 |
_aReyna Alfaro, Luis Miguel, _econtributor agent of text. |
|
| 700 | 1 |
_aVentura Saavedra, Karen, _etranslator. |
|
| 700 | 1 |
_iTranslation of: _aFiandaca, Giovanni. _tDiritto penale tra legge e giudice. |
|
| 791 | 2 |
_aDigitalia (Firm), _edistributor. |
|
| 793 | 0 |
_gDigitalia eBook Collection: _aDykinson Editorial |
|
| 776 | 0 | 8 |
_iPrint version: _aFiandaca, Giovanni. _sDiritto penale tra legge e giudice. Spanish (Ventura Saavedra). _tDerecho penal entre la ley y el juez. _dMadrid : Dykinson, S.L., [2013] _z9788490313763 |
| 830 | 0 |
_aCuadernos "Luis Jiménez de Asúa" ; _v39. |
|
| 856 | 4 | 0 |
_3Digitalia Hispánica _uhttps://www.digitaliapublishing.com/a/28568/ |
| 910 | _aPremium collection: 2022 | ||
| 942 | _cRAA | ||
| 999 |
_c239217 _d239217 |
||